|
|
|
|
| LEADER |
02068nam a2200385 i 4500 |
| 001 |
36103 |
| 003 |
BD-DhAAL |
| 005 |
20190925163816.0 |
| 008 |
190925t20192017nyua b 001 0 eng |
| 999 |
|
|
|c 41333
|d 41333
|
| 010 |
|
|
|a 2018014100
|
| 020 |
|
|
|a 9781260098273
|
| 020 |
|
|
|a 1260098273
|
| 040 |
|
|
|a DLC
|b eng
|c DLC
|e rda
|d DLC
|d BD-DhAAL
|
| 042 |
|
|
|a pcc
|
| 050 |
0 |
0 |
|a GN316
|b .K643 2018
|
| 082 |
0 |
0 |
|a 306
|2 23
|
| 100 |
1 |
|
|a Kottak, Conrad Phillip
|e author.
|9 35353
|
| 245 |
1 |
0 |
|a Cultural anthropology :
|b appreciating cultural diversity /
|c Conrad Phillip Kottak
|
| 250 |
|
|
|a Eighteenth edition.
|
| 260 |
|
|
|a New York :
|b McGraw-Hill Education,
|c 2019
|
| 300 |
|
|
|a xxviii, 329 pages ;
|b illustrations ;
|c 27 cm.
|
| 500 |
|
|
|a Seventeenth edition: 2017.
|
| 500 |
|
|
|a "Previous editions © 2015, 2013, 2011, and 2009"--T.p. verso.
|
| 504 |
|
|
|a Includes bibliographical references and indexes.
|
| 505 |
0 |
|
|a Part 1. Introduction to Anthropology -- What is Anthropology -- Culture -- Method and theory in Cultural Anthropology -- Part 2. Appreciating cultural diversity -- Applying Anthropology -- Language and communication -- Ethnicity and race -- Making a living -- Political systems -- Gender -- Families, kinship, and descent -- Marriage -- Religion -- Arts, media, and sports -- Part 3. The changing world -- The world system, colonialism, and inequality -- Anthropology's role in a globalizing world.
|
| 521 |
1 |
|
|a Ages: 18+
|
| 526 |
|
|
|a ESS
|
| 541 |
|
|
|a STS International
|e 36103, 36104
|
| 650 |
|
0 |
|a Ethnology.
|9 35354
|
| 650 |
|
0 |
|a Ethnology
|x Study and teaching
|9 35355
|
| 852 |
|
|
|a Ayesha Abed Library
|c General Stacks
|
| 942 |
|
|
|2 ddc
|c BK
|
| 952 |
|
|
|0 0
|1 0
|2 ddc
|4 0
|6 306_000000000000000_KOT
|7 0
|9 66431
|a BRACUL
|b BRACUL
|c GEN
|d 2019-09-19
|e STS International
|g 5500.00
|l 16
|m 95
|o 306 KOT
|p 3010036103
|r 2026-05-19
|s 2026-04-29
|t 1
|v 5500.00
|w 2019-09-19
|y BK
|
| 952 |
|
|
|0 0
|1 0
|2 ddc
|4 0
|6 306_000000000000000_KOT
|7 0
|9 66432
|a BRACUL
|b BRACUL
|c GEN
|d 2019-09-19
|e STS International
|g 5500.00
|l 22
|m 84
|o 306 KOT
|p 3010036104
|r 2026-05-04
|s 2025-07-27
|t 2
|v 5500.00
|w 2019-09-19
|y BK
|